| 000 -LEADER |
| fixed length control field |
00688nam a22002057a 4500 |
| 003 - CONTROL NUMBER IDENTIFIER |
| control field |
OSt |
| 005 - DATE AND TIME OF LATEST TRANSACTION |
| control field |
20180605061734.0 |
| 008 - FIXED-LENGTH DATA ELEMENTS--GENERAL INFORMATION |
| fixed length control field |
180320b xxu||||| |||| 00| 0 spa d |
| 040 ## - CATALOGING SOURCE |
| Transcribing agency |
PJ |
| 100 ## - ASIENTO PRINCIPAL - NOMBRE DE PERSONA |
| 9 (RLIN) |
903 |
| Personal name |
Videla Escalada, Federico N. |
| 245 10 - MENCIÓN DE TÍTULO |
| Título propiamente dicho |
Fundamento jurídico de la representación proporcional / |
| Mención de responsabilidad, etc |
Federico N. Videla Escalada. |
| 260 ## - PUBLICATION, DISTRIBUTION, ETC. (IMPRINT) |
| Place of publication, distribution, etc |
Buenos Aires : |
| Name of publisher, distributor, etc |
Abeledo-Perrot, |
| Date of publication, distribution, etc |
1961. |
| 300 ## - DESCRIPCION FISICA |
| Extent |
79 p. |
| Dimensions |
19 cm. |
| 490 ## - MENCION DE SERIE |
| Mención de Serie |
Monografías Jurídicas |
| Designación numérica/secuencial del volumen |
65 |
| 650 #0 - ASIENTO SECUNDARIO DE MATERIA - TERMINO TEMATICO |
| 9 (RLIN) |
178 |
| Topical term or geographic name as entry element |
DERECHO CONSTITUCIONAL |
| 650 #0 - ASIENTO SECUNDARIO DE MATERIA - TERMINO TEMATICO |
| 9 (RLIN) |
879 |
| Topical term or geographic name as entry element |
DERECHOS POLITICOS |
| 650 #0 - ASIENTO SECUNDARIO DE MATERIA - TERMINO TEMATICO |
| 9 (RLIN) |
904 |
| Topical term or geographic name as entry element |
DERECHO ELECTORAL |
| 650 #0 - ASIENTO SECUNDARIO DE MATERIA - TERMINO TEMATICO |
| 9 (RLIN) |
905 |
| Topical term or geographic name as entry element |
SISTEMA DE REPRESENTACION PROPORCIONAL |
| 942 ## - ADDED ENTRY ELEMENTS (KOHA) |
| Source of classification or shelving scheme |
|
| Koha item type |
Libros |
| Classification part |
342.827 |
| Item part |
VID |